The Speed of Adjustment and the Sequencing of Economic Reforms : Issues and Guidelines for Policymakers /

This paper reviews the issues involved in determining the appropriate speed of adjustment and the sequencing of economic reforms, focusing on considerations relevant to policymakers. It points out that the debate between the protagonists of a high-speed approach and those favoring a gradualist appro...

وصف كامل

التفاصيل البيبلوغرافية
المؤلف الرئيسي: Nsouli, Saleh
مؤلفون آخرون: Funke, Norbert, Rached, Mounir
التنسيق: دورية
اللغة:English
منشور في: Washington, D.C. : International Monetary Fund, 2002.
سلاسل:IMF Working Papers; Working Paper ; No. 2002/132
الوصول للمادة أونلاين:Full text available on IMF
LEADER 01861cas a2200265 a 4500
001 AALejournalIMF008287
008 230101c9999 xx r poo 0 0eng d
020 |c 5.00 USD 
020 |z 9781451855395 
022 |a 1018-5941 
040 |a BD-DhAAL  |c BD-DhAAL 
100 1 |a Nsouli, Saleh. 
245 1 4 |a The Speed of Adjustment and the Sequencing of Economic Reforms :   |b Issues and Guidelines for Policymakers /  |c Saleh Nsouli, Mounir Rached, Norbert Funke. 
264 1 |a Washington, D.C. :  |b International Monetary Fund,  |c 2002. 
300 |a 1 online resource (37 pages) 
490 1 |a IMF Working Papers 
500 |a <strong>Off-Campus Access:</strong> No User ID or Password Required 
500 |a <strong>On-Campus Access:</strong> No User ID or Password Required 
506 |a Electronic access restricted to authorized BRAC University faculty, staff and students 
520 3 |a This paper reviews the issues involved in determining the appropriate speed of adjustment and the sequencing of economic reforms, focusing on considerations relevant to policymakers. It points out that the debate between the protagonists of a high-speed approach and those favoring a gradualist approach is based primarily on the weights given to adjustment costs, policy credibility, reform feasibility, and risk assessment. It underscores the importance of appropriate sequencing and the impact of sequencing on the speed of adjustment and reforms. The paper concludes by highlighting factors that policymakers should consider when selecting their approach toward speed and sequencing. 
538 |a Mode of access: Internet 
700 1 |a Funke, Norbert. 
700 1 |a Rached, Mounir. 
830 0 |a IMF Working Papers; Working Paper ;  |v No. 2002/132 
856 4 0 |z Full text available on IMF  |u http://elibrary.imf.org/view/journals/001/2002/132/001.2002.issue-132-en.xml  |z IMF e-Library